La responsabilidad civil extracontractual en derecho francés y derecho dominicano / (Registro nro. 14863)

Detalles MARC
000 -LEADER
fixed length control field 01068cam a2200301 a 4500
001 - CONTROL NUMBER
control field 000003265
003 - CONTROL NUMBER IDENTIFIER
control field DO-SdBNP
005 - DATE AND TIME OF LATEST TRANSACTION
control field 20241112122209.0
007 - PHYSICAL DESCRIPTION FIXED FIELD--GENERAL INFORMATION
fixed length control field ta
008 - FIXED-LENGTH DATA ELEMENTS--GENERAL INFORMATION
fixed length control field 000912s2000 dr b 001 0 spa d
040 ## - CATALOGING SOURCE
Original cataloging agency DO-SdBNP
Language of cataloging spa
Transcribing agency BPMSU
082 #4 - DEWEY DECIMAL CLASSIFICATION NUMBER
Classification number 347.5
Item number C389r 1977
Edition number 22
100 1# - MAIN ENTRY--PERSONAL NAME
Personal name Cedeño Jiménez, Victor Livio,
Dates associated with a name 1942-
245 13 - TITLE STATEMENT
Title La responsabilidad civil extracontractual en derecho francés y derecho dominicano /
Statement of responsibility, etc. Victor Livio Cedeño Jiménez
260 ## - PUBLICATION, DISTRIBUTION, ETC. (IMPRINT)
Place of publication, distribution, etc. Santo Domingo :
Name of publisher, distributor, etc. Editora Alfa y Omega,
Date of publication, distribution, etc. 1977
300 ## - PHYSICAL DESCRIPTION
Extent 399 p. ;
Dimensions 22 cm.
500 ## - GENERAL NOTE
General note Incluye índice.
504 ## - BIBLIOGRAPHY, ETC. NOTE
Bibliography, etc Bibliografía : p. 383-393.
590 ## - LOCAL NOTE (RLIN)
Local note Inventariado,2024/VM
650 #4 - SUBJECT ADDED ENTRY--TOPICAL TERM
Topical term or geographic name as entry element Responsabilidad civil
Geographic subdivision República Dominicana
650 #4 - SUBJECT ADDED ENTRY--TOPICAL TERM
Topical term or geographic name as entry element Repsonsabilidad civil
Geographic subdivision Francia
650 #4 - SUBJECT ADDED ENTRY--TOPICAL TERM
Topical term or geographic name as entry element Responsabilidad extracontractual
Geographic subdivision República Dominicana
650 #4 - SUBJECT ADDED ENTRY--TOPICAL TERM
Topical term or geographic name as entry element Responsabilidad extracontractual
Geographic subdivision Francia
650 #4 - SUBJECT ADDED ENTRY--TOPICAL TERM
Topical term or geographic name as entry element Contratos y responsabilidad
700 1# - ADDED ENTRY--PERSONAL NAME
Personal name Starck, Boris,
Relator term prefacio
910 ## - USER-OPTION DATA (OCLC)
User-option data VMateo V. Control de calidad. BPMSU
942 ## - ADDED ENTRY ELEMENTS (KOHA)
Source of classification or shelving scheme Dewey Decimal Classification
Koha item type Libros
Existencias
Withdrawn status Lost status Source of classification or shelving scheme Damaged status Not for loan Collection code Home library Current library Date acquired Source of acquisition Total Checkouts Full call number Barcode Date last seen Price effective from Koha item type
    Dewey Decimal Classification     Colección Dominicana Biblioteca Pública Metropolitana Salomé Ureña Biblioteca Pública Metropolitana Salomé Ureña 11/12/2024 Flia Reyes Duluc   BPMSU CD 347.5 C389r 1977 BPMSU24110026 11/12/2024 11/12/2024 Libros